| 000 | 00898nam1a22002411i 4500 | ||
|---|---|---|---|
| 001 | rc\996087 | ||
| 005 | 20240723224729.0 | ||
| 035 | _a(NLR Aleph) 006246618 | ||
| 090 |
_a6714532 _c6714532 |
||
| 100 | _a20041129d1981 u |0rusy50 ca | ||
| 101 | 0 | _arus | |
| 102 | _aRU | ||
| 105 | _ay ||||||||| | ||
| 200 | 1 |
_aМетодика расчета дробящего действия взрыва _eУчеб. пособие для студентов спец. 0210 |
|
| 210 |
_aМ. _cМГИ _d1981 |
||
| 215 | _d20 | ||
| 300 | _aВ надзаг.: М-во высш. и сред. спец. образования СССР, Моск. горн. ин-т | ||
| 700 | 1 |
_aКутузов _bБ.Н. _f1931- _gБорис Николаевич |
|
| 701 | 1 |
_aКазаков _bН.Н. _gНиколай Николаевич |
|
| 801 | 0 |
_aRU _bNLR _gpsbo |
|
| 801 | 1 |
_aRU _bELAR _2rusmarc |
|
| 852 |
_aNLR _j83-4/13671 |
||
| 942 | _cBOOK | ||